MARC

LEADER 00000nam0a2200000 4500
001 50279
005 20231031032812.0
035 |a (RuTPU)RU\TPU\book\52656 
090 |a 50279 
100 |a 20030414d1977 km y0rusy50 ca 
101 0 |a rus 
102 |a RU 
105 |a y z 000zy 
200 1 |a Качество продукции и эффективность производства  |f Под ред. А. В. Гличева; Л. Я. Шухгальтера 
210 |a Москва  |c Машиностроение  |d 1977 
215 |a 247с. 
610 1 |a машиностроение 
610 1 |a машиностроительная продукция 
610 1 |a качество 
610 1 |a управление 
610 1 |a производство 
610 1 |a машины 
675 |a 621.002:658.562  |v 3 
702 1 |a Гличев  |b А. В.  |g Александр Владимирович  |4 340 
702 1 |a Шухгальтер  |b Л. Я.  |g Лев Яковлевич  |4 340 
801 1 |a RU  |b 63413507  |c 20030414  |g PSBO 
801 2 |a RU  |b 63413507  |c 20190402  |g PSBO 
942 |c BK